- Discursos
Entrada Tema o Materia
Número de registros utilizados en: 2
001 - NUMERO DE CONTROL
- Campo de control: 105
003 - IDENTIFICADOR DEL NUMERO DE CONTROL
- Campo de control: CO-MdFUSB
005 - HORA Y FECHA DE LA ULTIMA TRANSACCIÓN
- Campo de control: 20160609141829.0
008 - CAMPO DE LONGITUD FIJA
- Campo fijo de descripción fija: 901008dn anznnbabn||||||||| a ana d
040 ## -
- : CO-MdFUSB
- : CO-MdFUSB
150 ## - ENCABEZAMIENTO DE MATERIA-TEMA
- Téma o Materia: Discursos
360 ## - REFERENCIA COMPLEJA DE "VÉASE ADEMÁS" - MATERIA
- Texto explicativo: Usese además el subencabezamiento:
- Encabezamiento hacia el que refiere el envío: Estudios, ensayos, conferencias, etc.
- Texto explicativo: , detrás de materias. Ej.:
- Encabezamiento hacia el que refiere el envío: Salud pública-Estudios, ensayos, conferencias, etc.
450 ## - REFERENCIA DE ENVIO “VEASE” - MATERIA
- Encabezamiento temático : Alocuciones
550 ## - REFERENCIA DE ENVIO "VEASE ADEMAS" - MATERIA
- Subcampo de control: h
- Encabezamiento temático o nombre geográfico como elemento de entrada: Discursos universitarios
550 ## - REFERENCIA DE ENVIO "VEASE ADEMAS" - MATERIA
- Encabezamiento temático o nombre geográfico como elemento de entrada: Oratoria
550 ## - REFERENCIA DE ENVIO "VEASE ADEMAS" - MATERIA
- Encabezamiento temático o nombre geográfico como elemento de entrada: Arte de hablar en público
670 ## - FUENTE EN LA QUE SE LOCALIZARON DATOS
- Cita de la fuente : LC auth. en línea (28/11/06)
- Información localizada : Speeches, addresses, etc.
670 ## - FUENTE EN LA QUE SE LOCALIZARON DATOS
- Cita de la fuente : BNF aut. en línea (28/11/06)
- Información localizada : Discours
670 ## - FUENTE EN LA QUE SE LOCALIZARON DATOS
- Cita de la fuente : BNE aut. en línea (28/11/06)
750 #7 - ASIENTO LIGADO AL ENCABEZAMIENTO - TEMATICO
- Encabezamiento temático : Speeches, addresses, etc.
750 #7 - ASIENTO LIGADO AL ENCABEZAMIENTO - TEMATICO
- Encabezamiento temático : Discours
